00731nam a22002057a 450000500170000001000150001702000270003203500140005903700130007308200100008610000240009624500450012026000310016527001130019630000260030950000220033594200240035799900190038195201250040020180423113258.0 aENG-122650 c1795.00a9788181523914 aEN-106182 bDBAD/PUB a632.3 aSharma,Sanjay Kumar aPlant diseases /cby Sanjay Kumar Sharma c2016aJaipurbBook Enclave aF-11,S.S.Tower,Dhamani Street,Chaura Rasta,bJaipur e302003k011-23119000,9414443132mbookenclave@yahoo.com c22cm(Hb)a289P.bill. aIt includes index cEN2ddcmSHAh632.3 c151660d151660 001040718NFICaDBADbBL1d2018-04-23eDBAD/PUBg1795.00l0o632.3 SHApEN-106182r2018-04-23 00:00:00t1v1795.00yEN